| 000 | 00528nam a22001817a 4500 | ||
|---|---|---|---|
| 003 | KOHA_MİRAKIL | ||
| 005 | 20260415080447.0 | ||
| 008 | 260415b tu ||||| |||| 00| 0 tur d | ||
| 040 |
_aTR-AnABB _btur _cTR-AnABB |
||
| 041 | _atur | ||
| 082 |
_a338.9561 _bTOP 1963 |
||
| 245 | 0 | 0 |
_aToplum kalkınması : _bpilot bölge çalışmaları / |
| 260 |
_a[y.y.] : _b[yayl. y.] , _c[t.y.] |
||
| 300 |
_a[120 sayfa ] ; _c30 cm |
||
| 650 | 0 | 4 | _aEkonomik politika, Türkiye |
| 650 | 0 | 4 | _aEkonomik politika |
| 942 |
_2ddc _cBK |
||
| 999 |
_c10243 _d10243 |
||
| 900 | _bCan ÇELIK | ||